60 cidades mais populosas do Rio Grande do Sul - Statistics

Estatísticas Gerais
  • Esse quiz foi jogado 2 107 vezes
  • A pontuação média é 34 de 60
Estatísticas das Respostas
Nº de Habitantes Letra Inicial Cidade % Correto
1 409 351 P Porto Alegre
99%
435 564 C Caxias do Sul
95%
328 275 P Pelotas
93%
261 027 S Santa Maria
90%
323 827 C Canoas
89%
239 651 N Novo Hamburgo
87%
125 507 U Uruguaiana
86%
198 048 R Rio Grande
84%
239 234 V Viamão
81%
107 341 B Bento Gonçalves
77%
184 869 P Passo Fundo
77%
116 792 B Bagé
76%
214 210 S São Leopoldo
76%
96 105 E Erechim
74%
255 762 G Gravataí
74%
34 646 T Torres
72%
77 673 A Alegrete
68%
39 238 C Canela
68%
78 920 I Ijuí
67%
61 345 V Vacaria
65%
80 669 E Esteio
64%
195 718 A Alvorada
63%
94 230 G Guaíba
62%
71 481 L Lajeado
62%
82 513 S Santana do Livramento
62%
118 287 S Santa Cruz do Sul
61%
42 047 C Capão da Canoa
60%
129 788 S Sapucaia do Sul
60%
118 294 C Cachoeirinha
59%
63 641 F Farroupilha
59%
61 671 S São Borja
58%
41 655 T Tramandaí
58%
68 595 S Santa Rosa
57%
40 941 O Osório
56%
76 304 S Santo Ângelo
55%
65 964 V Venâncio Aires
50%
62 825 C Cruz Alta
49%
59 301 C Carazinho
45%
75 020 S Sapiranga
45%
62 759 C Camaquã
44%
60 508 S São Gabriel
44%
83 827 C Cachoeira do Sul
43%
59 436 M Montenegro
40%
54 656 T Taquara
37%
34 335 E Eldorado do Sul
36%
39 679 S Santo Antônio da Patrulha
36%
60 081 C Campo Bom
33%
38 916 D Dom Pedrito
33%
38 068 P Panambi
33%
36 383 M Marau
32%
42 589 E Estância Velha
31%
39 751 R Rosário do Sul
30%
49 082 S Santiago
29%
38 166 I Itaqui
28%
37 602 R Rio Pardo
28%
35 363 C Charqueadas
26%
43 114 S São Lourenço do Sul
24%
53 268 C Canguçu
23%
51 481 P Parobé
23%
34 558 S São Luiz Gonzaga
23%
Nenhum quiz correspondente encontrado
Distribuição das Pontuações
Porcentagem de Pessoas com Cada Pontuação
Percentil de Números Respondidos
Sua Pontuação Histórica
Você não jogou esse quiz